000 00750nam a2200241 i 4500
001 169052
003 ES-MaACL
005 20250812062532.0
008 080805s1953 sp f |||| | spa d
080 _a321.01
100 1 _aGambra, Rafael.
_953775
245 1 4 _aLos tres lemas de la sociedad futura /
_cRafael Gambra.
260 _aMadrid :
_bAteneo,
_c1953.
300 _a31 p., [1] h. de lám. ;
_c19 cm.
490 1 _aColección "O crece o muere" ;
_v50
650 4 _aPolítica-
_xFilosofía
_916274
710 2 _aAteneo de Madrid.
_91875
830 0 0 _aColección "O crece o muere"
_v50
_9183476
852 _aES-MaACL
_9175642
_jJ-24(50)
_cDEPO2
852 _aES-MaACL
_9175642
_jJ-25(50)
_cDEPO2
942 _2udc
999 _c169052
_d169052